| 000 | 00759cab a2200253 4500 | ||
|---|---|---|---|
| 001 | ABS56199 | ||
| 008 | 090401t1996 xxu||||| |||| 00| 0 eng d | ||
| 035 | _a(Sirsi) u21861 | ||
| 041 | _aeng | ||
| 100 | _aMoor, N. | ||
| 245 | _aTaking the luck out of the draw | ||
| 260 | _c1996 | ||
| 350 | _a0 | ||
| 490 |
_aBuilding _v261(7967) 22 November 1996, 40-41(2) |
||
| 520 | _aHow to secure lottery funding. Outlines aims of the various agencies to give bidders a better understanding. | ||
| 650 | _aHERITAGE LOTTERY FUND | ||
| 650 | _aLOTTERY FUNDING | ||
| 650 | _aLOTTERY SPORTS FUND | ||
| 650 | _aMILLENNIUM COMMISSION | ||
| 650 | _aNATIONAL LOTTERY | ||
| 690 | _aPROPERTY-PROPERTY FINANCE AND INVESTMENT | ||
| 942 | _n0 | ||
| 948 | _c04/03/1997 | ||
| 999 |
_c14649 _d14649 |
||